The collected poems of Stevie Smith /

Bibliographic Details
Main Author: Smith, Stevie, 1902-1971
Format: Book
Language:English
Published: New York : Oxford University Press, 1976.

MARC

Tag First Indicator Second Indicator Subfields
LEADER 00000cam a2200000 i 4500
001 in00000608421
005 20151014155253.0
008 760223s1976 nyua 00110 eng
010 |a  75004322  
020 |a 0195198166 
035 |a (OCoLC)02007669 
035 |9 ACR8472AM 
040 |a DLC  |c DRB  |d OCL  |d TXA  |d UtOrBLW 
049 |a TXAM  |c [1359833] 
050 0 0 |a PR6037.M43  |b A17 1976 
100 1 |a Smith, Stevie,  |d 1902-1971. 
245 1 4 |a The collected poems of Stevie Smith /  |c [as printed]. 
264 1 |a New York :  |b Oxford University Press,  |c 1976. 
300 |a 591 pages :  |b illustrations ;  |c 23 cm. 
336 |a text  |b txt  |2 rdacontent 
337 |a unmediated  |b n  |2 rdamedia 
338 |a volume  |b nc  |2 rdacarrier 
500 |a Includes index. 
999 |a MARS 
999 f f |s 0206ce16-da61-3bcd-92e4-6dbcbec68f44  |i 319a1546-5bf6-3377-bb30-3972d0e569e4  |t 0 
952 f f |p ric  |a Texas A&M University  |b Rellis Campus  |c Joint Library Facility  |d Remote Storage  |t 0  |e PR6037.M43 A17 1976  |h Library of Congress classification  |i unmediated -- volume  |m A14804011482 
998 f f |a PR6037.M43 A17 1976  |t 0  |l Remote Storage